[Event "4NCL/Div2/PAP vs. BRI1"]
[Site "Sunningdale ENG"]
[Date "2007.09.15"]
[Round "1.1"]
[White "Summerscale, Aaron"]
[Black "Rudd, Jack"]
[Result "1/2-1/2"]
[WhiteElo "2493"]
[BlackElo "2370"]
[PlyCount "43"]
[EventDate "2007.09.15"]
[EventType "team"]
[EventRounds "11"]
[EventCountry "ENG"]
[SourceDate "2007.09.15"]
[WhiteTeam "Pride and Prejudice"]
[BlackTeam "Bristol 1"]

1. Nf3 Nf6 2. c4 e6 3. g3 d5 4. Bg2 dxc4 5. Qa4+ Bd7 6. Qxc4 Bc6 7. O-O Nbd7 8.
d3 Bd6 9. Nbd2 O-O 10. Qc2 Qe7 11. Nc4 a5 12. Bd2 Bb4 13. Rfc1 e5 14. Bc3 Rfe8
15. e4 Bxc3 16. Qxc3 Qb4 17. Bf1 Qxc3 18. Rxc3 Re7 19. Rac1 Ne8 20. Ne3 f6 21.
Bh3 Nb6 22. Kf1 1/2-1/2

[Event "4NCL/Div2/PAP vs. BRI1"]
[Site "Sunningdale ENG"]
[Date "2007.09.15"]
[Round "1.2"]
[White "Cobb, Charles"]
[Black "Ward, Chris G"]
[Result "1/2-1/2"]
[WhiteElo "2408"]
[BlackElo "2439"]
[PlyCount "81"]
[EventDate "2007.09.15"]
[EventType "team"]
[EventRounds "11"]
[EventCountry "ENG"]
[SourceDate "2007.09.15"]
[WhiteTeam "Bristol 1"]
[BlackTeam "Pride and Prejudice"]

1. c4 b6 2. d4 Bb7 3. Nf3 e6 4. g3 Bxf3 5. exf3 Nf6 6. Bg2 d5 7. O-O Be7 8. f4
O-O 9. f5 exf5 10. cxd5 Nxd5 11. Qf3 c6 12. Qxf5 Qd7 13. Qd3 Nb4 14. Qe2 Bf6
15. Nc3 Re8 16. Be3 a5 17. Rfd1 Nd5 18. Nxd5 cxd5 19. Rac1 Na6 20. Rc3 Nc7 21.
a4 Ra7 22. Qc2 Na6 23. Qb3 Nb4 24. Rdc1 Qf5 25. h4 Rae7 26. Rc7 h6 27. Rxe7
Rxe7 28. Qc3 Re8 29. Qc7 Qe6 30. Bf1 g5 31. hxg5 Bxg5 32. Rc3 Qg6 33. Bxg5 hxg5
34. Qd7 Re1 35. Rc8+ Kg7 36. Qd8 Qh5 37. Qf8+ Kg6 38. Qg8+ Kf6 39. Qd8+ Kg7 40.
Qf8+ Kf6 41. Qd8+ 1/2-1/2

[Event "4NCL/Div2/PAP vs. BRI1"]
[Site "Sunningdale ENG"]
[Date "2007.09.15"]
[Round "1.3"]
[White "Winkelmann, Elena"]
[Black "Beaumont, Chris"]
[Result "1/2-1/2"]
[WhiteElo "2162"]
[BlackElo "2324"]
[PlyCount "58"]
[EventDate "2007.09.15"]
[EventType "team"]
[EventRounds "11"]
[EventCountry "ENG"]
[SourceDate "2007.09.15"]
[WhiteTeam "Pride and Prejudice"]
[BlackTeam "Bristol 1"]

1. d4 g6 2. c4 Bg7 3. e4 d6 4. f3 Nf6 5. Nc3 O-O 6. Be3 c6 7. Qd2 a6 8. h4 h5
9. Bh6 b5 10. g4 e5 11. Bxg7 Kxg7 12. g5 Nfd7 13. Rd1 Qe7 14. d5 b4 15. Nce2
cxd5 16. Qxd5 Nb6 17. Qd3 Qc7 18. b3 Rd8 19. Bh3 a5 20. Bxc8 Qxc8 21. c5 N6d7
22. cxd6 Na6 23. Nh3 Nac5 24. Qd5 Qb7 25. Nf2 a4 26. Qxb7 Nxb7 27. Nd3 axb3 28.
axb3 Ndc5 29. Nxb4 Rxd6 1/2-1/2

[Event "4NCL/Div2/PAP vs. BRI1"]
[Site "Sunningdale ENG"]
[Date "2007.09.15"]
[Round "1.4"]
[White "Walker, Martin"]
[Black "Forbes, Cathy"]
[Result "1-0"]
[WhiteElo "2262"]
[BlackElo "2090"]
[PlyCount "71"]
[EventDate "2007.09.15"]
[EventType "team"]
[EventRounds "11"]
[EventCountry "ENG"]
[SourceDate "2007.09.15"]
[WhiteTeam "Bristol 1"]
[BlackTeam "Pride and Prejudice"]

1. e4 c5 2. Nf3 e6 3. c3 d5 4. e5 Nc6 5. d4 Qb6 6. Be2 h5 7. O-O Nh6 8. Na3
cxd4 9. cxd4 Bxa3 10. bxa3 Nf5 11. Be3 O-O 12. Rb1 Qa5 13. Qd3 Rb8 14. h3 Bd7
15. g4 Nxe3 16. fxe3 Qd8 17. h4 f6 18. exf6 Qxf6 19. Ng5 Qh6 20. gxh5 Rxf1+ 21.
Rxf1 Be8 22. Bg4 Nd8 23. e4 b5 24. exd5 exd5 25. Qf5 g6 26. Qxd5+ Nf7 27. Nxf7
Bxf7 28. Qxf7+ Kh8 29. Qf6+ Qg7 30. hxg6 Qxf6 31. Rxf6 Kg7 32. Rd6 a5 33. h5 b4
34. axb4 Rxb4 35. Rd7+ Kh6 36. g7 1-0

[Event "4NCL/Div2/PAP vs. BRI1"]
[Site "Sunningdale ENG"]
[Date "2007.09.15"]
[Round "1.5"]
[White "Kieran, Rosalind A"]
[Black "Buckley, David E"]
[Result "0-1"]
[WhiteElo "2038"]
[BlackElo "2240"]
[PlyCount "46"]
[EventDate "2007.09.15"]
[EventType "team"]
[EventRounds "11"]
[EventCountry "ENG"]
[SourceDate "2007.09.15"]
[WhiteTeam "Pride and Prejudice"]
[BlackTeam "Bristol 1"]

1. e4 Nf6 2. e5 Nd5 3. d4 d6 4. h3 dxe5 5. dxe5 Bf5 6. c3 e6 7. Bd3 Nxc3 8.
Nxc3 Qxd3 9. Qb3 Be4 10. Bg5 Na6 11. f3 Bc6 12. Nge2 Bc5 13. Rd1 Qg6 14. h4 h6
15. Bf4 Qxg2 16. Rf1 O-O 17. Rd2 Qh3 18. Bg3 Be3 19. Rd1 Rad8 20. Rxd8 Rxd8 21.
Ne4 Bb6 22. Nf4 Qf5 23. Qc2 Ba5+ 0-1

[Event "4NCL/Div2/PAP vs. BRI1"]
[Site "Sunningdale ENG"]
[Date "2007.09.15"]
[Round "1.6"]
[White "Sherwin, James T"]
[Black "Yurenok, Maria S"]
[Result "1/2-1/2"]
[WhiteElo "2236"]
[BlackElo "2036"]
[PlyCount "47"]
[EventDate "2007.09.15"]
[EventType "team"]
[EventRounds "11"]
[EventCountry "ENG"]
[SourceDate "2007.09.15"]
[WhiteTeam "Bristol 1"]
[BlackTeam "Pride and Prejudice"]

1. Nf3 Nf6 2. d4 d5 3. c4 c6 4. e3 g6 5. Nc3 Bg7 6. Bd3 O-O 7. O-O Nbd7 8. h3
Re8 9. e4 dxe4 10. Nxe4 Nxe4 11. Bxe4 e5 12. d5 cxd5 13. Bxd5 Nb6 14. Bg5 Qc7
15. Nd2 Nxd5 16. cxd5 f6 17. Be3 Rd8 18. Ne4 Qf7 19. Nc3 b6 20. Qb3 Bb7 21.
Rfd1 Rd7 22. Rd2 Rad8 23. Rad1 Bf8 24. f3 1/2-1/2

[Event "4NCL/Div2/PAP vs. BRI1"]
[Site "Sunningdale ENG"]
[Date "2007.09.15"]
[Round "1.7"]
[White "Thilaganathan, Jessica"]
[Black "Poobalasingam, Peter"]
[Result "1/2-1/2"]
[WhiteElo "1917"]
[BlackElo "2133"]
[PlyCount "82"]
[EventDate "2007.09.15"]
[EventType "team"]
[EventRounds "11"]
[EventCountry "ENG"]
[SourceDate "2007.09.15"]
[WhiteTeam "Pride and Prejudice"]
[BlackTeam "Bristol 1"]

1. d4 Nf6 2. Nf3 g6 3. c4 Bg7 4. Nc3 d5 5. h4 c5 6. dxc5 Qa5 7. Qa4+ Qxa4 8.
Nxa4 Ne4 9. Nd2 Nxd2 10. Bxd2 d4 11. b4 Bf5 12. Rc1 Nc6 13. h5 Ne5 14. h6 Bf6
15. f3 O-O 16. Nb2 a5 17. b5 Nd7 18. Na4 e5 19. c6 bxc6 20. bxc6 Nb8 21. Nb6
Ra7 22. Nd5 Bd8 23. c7 Bxc7 24. Nxc7 Rxc7 25. Bxa5 Ra7 26. Bb4 Rc8 27. a3 Nc6
28. e4 dxe3 29. Be2 Nd4 30. g4 Be6 31. Rc3 f6 32. Bd1 Rxc4 33. Rxe3 Nc2+ 34.
Bxc2 Rxc2 35. O-O Rd7 36. Rfe1 g5 37. R3e2 Rxe2 38. Rxe2 Rd3 39. Kf2 Kf7 40.
Re3 Rd4 41. Rc3 Kg6 1/2-1/2

[Event "4NCL/Div2/PAP vs. BRI1"]
[Site "Sunningdale ENG"]
[Date "2007.09.15"]
[Round "1.8"]
[White "Menard, Marie"]
[Black "Jain, Radha"]
[Result "1-0"]
[WhiteElo "1821"]
[BlackElo "1710"]
[PlyCount "67"]
[EventDate "2007.09.15"]
[EventType "team"]
[EventRounds "11"]
[EventCountry "ENG"]
[SourceDate "2007.09.15"]
[WhiteTeam "Bristol 1"]
[BlackTeam "Pride and Prejudice"]

1. e4 c5 2. Nf3 e6 3. d4 cxd4 4. Nxd4 a6 5. Be3 Qc7 6. Bd3 Nf6 7. f3 Bc5 8. Qe2
O-O 9. Nd2 d5 10. N4b3 Bxe3 11. Qxe3 Nc6 12. O-O-O Nb4 13. Kb1 Bd7 14. a3 Nxd3
15. Qxd3 Rac8 16. Rc1 b5 17. g4 dxe4 18. Nxe4 Nxe4 19. Qxe4 a5 20. c3 Bc6 21.
Qe2 Qa7 22. Rhd1 b4 23. cxb4 axb4 24. Qd2 h6 25. Nd4 Ba4 26. Rxc8 Rxc8 27. Rc1
Rxc1+ 28. Kxc1 bxa3 29. bxa3 Qc5+ 30. Kb2 Qd5 31. Qb4 Bd1 32. Qc3 e5 33. Nc6
Bxf3 34. Ne7+ 1-0

[Event "4NCL/Div2/OXF1 vs. PPA1"]
[Site "Sunningdale ENG"]
[Date "2007.09.15"]
[Round "1.1"]
[White "Savage, Ben D"]
[Black "Swanson, Stephen"]
[Result "1-0"]
[WhiteElo "2335"]
[BlackElo "2248"]
[PlyCount "97"]
[EventDate "2007.09.15"]
[EventType "team"]
[EventRounds "11"]
[EventCountry "ENG"]
[SourceDate "2007.09.15"]
[WhiteTeam "Oxford 1"]
[BlackTeam "Poisoned Pawns 1"]

1. d4 g6 2. Nf3 d6 3. e4 Bg7 4. h3 Nd7 5. Bc4 e6 6. c3 h6 7. Nbd2 Ne7 8. Qe2 a6
9. a4 b6 10. O-O O-O 11. Rd1 Bb7 12. Nf1 Qe8 13. N1h2 Bxe4 14. Qxe4 d5 15. Qe2
dxc4 16. Qxc4 Qc8 17. Ng4 Kh7 18. Nfe5 h5 19. Nxd7 Qxd7 20. Ne3 f5 21. Re1 Nd5
22. Nxd5 exd5 23. Qd3 c5 24. Bf4 c4 25. Qf3 Rfe8 26. Be5 Bh6 27. Qd1 Rac8 28.
Qc2 f4 29. f3 Rf8 30. Re2 Rce8 31. Rae1 Bg5 32. b3 Qc6 33. bxc4 Qxc4 34. Rb1
Re6 35. Rb4 Qc6 36. Qd3 a5 37. Rb5 Rc8 38. Reb2 Qxc3 39. Qxc3 Rxc3 40. Rxb6
Rc1+ 41. Kf2 Bh4+ 42. Ke2 Rg1 43. Rb7+ Kh6 44. Kd3 Ra1 45. Bxf4+ g5 46. Be5
Ra3+ 47. R7b3 Rxb3+ 48. Rxb3 Be1 49. Rb5 1-0

[Event "4NCL/Div2/OXF1 vs. PPA1"]
[Site "Sunningdale ENG"]
[Date "2007.09.15"]
[Round "1.2"]
[White "Morgan, Ben"]
[Black "White, Michael J R"]
[Result "1-0"]
[WhiteElo "2233"]
[BlackElo "2246"]
[PlyCount "119"]
[EventDate "2007.09.15"]
[EventType "team"]
[EventRounds "11"]
[EventCountry "ENG"]
[SourceDate "2007.09.15"]
[WhiteTeam "Poisoned Pawns 1"]
[BlackTeam "Oxford 1"]

1. d4 Nf6 2. c4 c5 3. d5 b5 4. cxb5 a6 5. bxa6 g6 6. g3 d6 7. Bg2 Bg7 8. Nc3
O-O 9. Nf3 Nxa6 10. O-O Nb4 11. Ne1 Bb7 12. a3 Nd7 13. Rb1 Na6 14. Nc2 Nc7 15.
Ne3 Nb6 16. Qc2 Ra7 17. Rd1 Qa8 18. b4 c4 19. Bb2 Rc8 20. Qd2 Rxa3 21. Bxa3
Qxa3 22. Rdc1 Na6 23. Ra1 Qxb4 24. Rab1 Qa5 25. Qb2 Bd4 26. Qb5 Qxb5 27. Rxb5
Nc7 28. Ra5 Ra8 29. Rxa8+ Bxa8 30. Ncd1 Bxe3 31. Nxe3 Ncxd5 32. Nxc4 Kg7 33.
Nxb6 Nxb6 34. Bxa8 Nxa8 35. Rc6 Kf6 36. Kg2 Ke6 37. g4 Kd7 38. Rc3 Nc7 39. Rh3
Ke6 40. Rxh7 Nd5 41. Rh8 Kf6 42. h4 Nf4+ 43. Kf3 e5 44. Ra8 d5 45. Ra7 Ne6 46.
g5+ Kg7 47. e3 e4+ 48. Kg4 d4 49. exd4 Nxd4 50. Ra4 Nf5 51. h5 e3 52. h6+ Kh7
53. fxe3 Nxe3+ 54. Kf4 Ng2+ 55. Ke5 f5 56. Kf6 f4 57. Ra7+ Kh8 58. Kxg6 Nh4+
59. Kf6 f3 60. g6 1-0

[Event "4NCL/Div2/OXF1 vs. PPA1"]
[Site "Sunningdale ENG"]
[Date "2007.09.15"]
[Round "1.3"]
[White "Rose, Matthew"]
[Black "Dunn, Andrew"]
[Result "1-0"]
[WhiteElo "2233"]
[BlackElo "2204"]
[PlyCount "91"]
[EventDate "2007.09.15"]
[EventType "team"]
[EventRounds "11"]
[EventCountry "ENG"]
[SourceDate "2007.09.15"]
[WhiteTeam "Oxford 1"]
[BlackTeam "Poisoned Pawns 1"]

1. e4 c6 2. d4 d5 3. exd5 cxd5 4. c4 Nf6 5. Nc3 Nc6 6. Nf3 Bg4 7. Be2 e6 8.
cxd5 Nxd5 9. Qb3 Nb6 10. Be3 Be7 11. Rd1 O-O 12. h3 Bf5 13. a3 Bf6 14. O-O Nd5
15. Qxb7 Na5 16. Qa6 Rc8 17. Nxd5 exd5 18. Rc1 Nb3 19. Rxc8 Qxc8 20. Qxa7 Qc6
21. Ne5 Qc2 22. Bd1 Qxb2 23. Qb7 Bxe5 24. dxe5 d4 25. Bxb3 Be6 26. Bxd4 Qxd4
27. Bxe6 fxe6 28. Qc7 Rd8 29. Rb1 Rf8 30. Rf1 Rd8 31. a4 Rd5 32. Qe7 h6 33.
Qxe6+ Kh7 34. Qf5+ Kg8 35. Re1 Qc5 36. Qe6+ Kh7 37. Qf5+ Kg8 38. Qe4 Rd2 39.
Qe3 Qxe3 40. Rxe3 Ra2 41. Re4 Kf7 42. h4 g6 43. Rf4+ Ke7 44. Rf6 Rxa4 45. Rxg6
Rxh4 46. g3 1-0

[Event "4NCL/Div2/OXF1 vs. PPA1"]
[Site "Sunningdale ENG"]
[Date "2007.09.15"]
[Round "1.4"]
[White "Dargan, Paul"]
[Black "Rawlinson, Aidan"]
[Result "1/2-1/2"]
[WhiteElo "2185"]
[BlackElo "2221"]
[PlyCount "62"]
[EventDate "2007.09.15"]
[EventType "team"]
[EventRounds "11"]
[EventCountry "ENG"]
[SourceDate "2007.09.15"]
[WhiteTeam "Poisoned Pawns 1"]
[BlackTeam "Oxford 1"]

1. e4 c5 2. Nf3 e6 3. c3 Nf6 4. e5 Nd5 5. d4 cxd4 6. cxd4 Nc6 7. Bc4 d6 8. O-O
Be7 9. Qe2 O-O 10. Nc3 Nxc3 11. bxc3 dxe5 12. dxe5 Qa5 13. Qe4 Qa4 14. Bg5 h6
15. Bxe7 Nxe7 16. Rab1 Qc6 17. Bd3 Qxe4 18. Bxe4 Rb8 19. Rfd1 b6 20. Rb4 Bb7
21. h4 Bxe4 22. Rxe4 Nd5 23. Rd3 b5 24. c4 bxc4 25. Rxc4 Rb1+ 26. Kh2 Rb2 27.
Rd2 Rfb8 28. Rc8+ Rxc8 29. Rxb2 Kf8 30. Nd2 Ke7 31. Ne4 Nb6 1/2-1/2

[Event "4NCL/Div2/OXF1 vs. PPA1"]
[Site "Sunningdale ENG"]
[Date "2007.09.15"]
[Round "1.5"]
[White "Shaw, David A"]
[Black "Byway, Paul"]
[Result "1-0"]
[WhiteElo "2219"]
[BlackElo "2167"]
[PlyCount "103"]
[EventDate "2007.09.15"]
[EventType "team"]
[EventRounds "11"]
[EventCountry "ENG"]
[SourceDate "2007.09.15"]
[WhiteTeam "Oxford 1"]
[BlackTeam "Poisoned Pawns 1"]

1. e4 c5 2. Nf3 e6 3. d4 cxd4 4. Nxd4 Nf6 5. Bd3 Nc6 6. Nxc6 bxc6 7. O-O d5 8.
e5 Nd7 9. f4 Ba6 10. Qe2 Bxd3 11. cxd3 Bc5+ 12. Kh1 O-O 13. Nd2 f6 14. Nf3 f5
15. Bd2 Qe7 16. Rac1 Rfc8 17. Rc2 Bb6 18. Rfc1 c5 19. Bb4 Qe8 20. Ba3 a5 21.
Qe1 Rcb8 22. Qh4 a4 23. g4 fxg4 24. Qxg4 Nf8 25. d4 Qg6 26. Qxg6 Nxg6 27. dxc5
Bc7 28. c6 Nxf4 29. Bd6 Ra7 30. Nd4 Nd3 31. Nxe6 Nxc1 32. Rxc1 Rc8 33. Nxc7
Raxc7 34. Bxc7 Rxc7 35. b4 axb3 36. axb3 d4 37. b4 d3 38. b5 Kf7 39. Rd1 Ke6
40. Rxd3 Kxe5 41. Rd7 Rc8 42. Rxg7 h6 43. Rd7 Ke6 44. Rd3 h5 45. Kg2 Ke5 46.
Kg3 Ke4 47. Rd7 Ke5 48. Kf3 Rf8+ 49. Ke3 Rc8 50. Kd3 h4 51. Kc4 h3 52. Rd3 1-0

[Event "4NCL/Div2/OXF1 vs. PPA1"]
[Site "Sunningdale ENG"]
[Date "2007.09.15"]
[Round "1.6"]
[White "Rosen, Daniel B"]
[Black "Smallbone, Kieran"]
[Result "1/2-1/2"]
[WhiteElo "2127"]
[BlackElo "2216"]
[PlyCount "104"]
[EventDate "2007.09.15"]
[EventType "team"]
[EventRounds "11"]
[EventCountry "ENG"]
[SourceDate "2007.09.15"]
[WhiteTeam "Poisoned Pawns 1"]
[BlackTeam "Oxford 1"]

1. e4 c6 2. d4 d5 3. exd5 cxd5 4. c4 Nf6 5. c5 e6 6. Nf3 Be7 7. Nc3 O-O 8. Be3
b6 9. b4 Ne4 10. Rc1 f5 11. Bf4 g5 12. Bxb8 Rxb8 13. Ne5 Nxc3 14. Rxc3 bxc5 15.
Nc6 Qd6 16. Nxe7+ Qxe7 17. bxc5 Qc7 18. Bd3 Qf4 19. Qd2 Qxd4 20. Qxg5+ Kh8 21.
Qc1 e5 22. O-O f4 23. Be2 Bf5 24. Qa3 Qd2 25. Bh5 Rg8 26. g3 Rb2 27. c6 Bh3 28.
Rd3 Qb4 29. Qxb4 Rxb4 30. Re1 d4 31. Rxe5 Rc8 32. Rd5 Rb1+ 33. Rd1 Rxd1+ 34.
Bxd1 Rxc6 35. Rxd4 Rc1 36. f3 fxg3 37. hxg3 Be6 38. Kf2 Bxa2 39. Rd8+ Kg7 40.
Rd7+ Kg6 41. Rxa7 Rxd1 42. Rxa2 Rd3 43. Ke2 Rb3 44. Rd2 h5 45. Rd3 Rb5 46. Ke3
Kf5 47. Rc3 Ra5 48. Kd4 h4 49. gxh4 Kf4 50. Rc5 Ra4+ 51. Kd5 Kxf3 52. h5 Rh4
1/2-1/2

[Event "4NCL/Div2/OXF1 vs. PPA1"]
[Site "Sunningdale ENG"]
[Date "2007.09.15"]
[Round "1.7"]
[White "Eckersley-Waites, Tom"]
[Black "Dignam, Matthew"]
[Result "0-1"]
[WhiteElo "2186"]
[BlackElo "2122"]
[PlyCount "26"]
[EventDate "2007.09.15"]
[EventType "team"]
[EventRounds "11"]
[EventCountry "ENG"]
[SourceDate "2007.09.15"]
[WhiteTeam "Oxford 1"]
[BlackTeam "Poisoned Pawns 1"]

1. e4 e6 2. d4 d5 3. e5 c5 4. c3 Bd7 5. Nf3 a6 6. Be2 Bb5 7. c4 Bxc4 8. Bxc4
dxc4 9. Nc3 cxd4 10. Nxd4 Bc5 11. Be3 Bxd4 12. Bxd4 Nc6 13. Qg4 Qxd4 0-1

[Event "4NCL/Div2/KHE vs. WRO"]
[Site "Sunningdale ENG"]
[Date "2007.09.15"]
[Round "1.1"]
[White "Whiteley, Andrew"]
[Black "Teplitsky, Jan"]
[Result "0-1"]
[WhiteElo "2269"]
[BlackElo "2451"]
[PlyCount "92"]
[EventDate "2007.09.15"]
[EventType "team"]
[EventRounds "11"]
[EventCountry "ENG"]
[SourceDate "2007.09.15"]
[WhiteTeam "Kings Head"]
[BlackTeam "White Rose"]

1. d4 Nf6 2. c4 e6 3. Nc3 Bb4 4. Qc2 c5 5. dxc5 O-O 6. a3 Bxc5 7. Nf3 b6 8. Bf4
Bb7 9. e3 Be7 10. Rd1 a6 11. Qb3 Nc6 12. Na4 b5 13. cxb5 Na5 14. Qc3 Rc8 15.
Qd4 Nd5 16. b4 axb5 17. Bxb5 Nc6 18. Qd3 Na7 19. Bc4 Nxf4 20. exf4 Bxf3 21.
gxf3 d5 22. Ba6 Rc7 23. Qe3 Qd7 24. Nb6 Qd6 25. Be2 Qc6 26. O-O Rb7 27. Rc1
Qxb6 28. Qxb6 Rxb6 29. Rc7 Nc6 30. Rc1 Nd4 31. Bf1 Bd6 32. Ra7 Nxf3+ 33. Kg2
Bxf4 34. Rd1 Nd2 35. Be2 Ne4 36. Rd3 Bb8 37. Ra5 Nd6 38. Rc3 Ne4 39. Rc2 d4 40.
b5 Nc3 41. Bd3 e5 42. f3 Bd6 43. a4 Nd5 44. Kf2 Nb4 45. Rd2 Nxd3+ 46. Rxd3 f5
0-1

[Event "4NCL/Div2/KHE vs. WRO"]
[Site "Sunningdale ENG"]
[Date "2007.09.15"]
[Round "1.2"]
[White "Gourlay, Iain"]
[Black "Spivack, Simon"]
[Result "1-0"]
[WhiteElo "2347"]
[BlackElo "2203"]
[PlyCount "95"]
[EventDate "2007.09.15"]
[EventType "team"]
[EventRounds "11"]
[EventCountry "ENG"]
[SourceDate "2007.09.15"]
[WhiteTeam "White Rose"]
[BlackTeam "Kings Head"]

1. Nf3 d6 2. g3 g6 3. c4 Bg7 4. Bg2 e5 5. Nc3 c5 6. d3 Ne7 7. Rb1 Nbc6 8. O-O
O-O 9. a3 a5 10. Ne1 h6 11. Nc2 f5 12. b4 axb4 13. axb4 g5 14. bxc5 dxc5 15.
Nd5 Nxd5 16. Bxd5+ Kh8 17. Be3 Qe7 18. Rb5 Nd4 19. Bxd4 exd4 20. Re1 f4 21. Qb1
Ra7 22. Rb6 Rf5 23. Be4 Re5 24. f3 fxg3 25. hxg3 Qc7 26. Kg2 Re6 27. Rxe6 Bxe6
28. Rh1 Bd7 29. Qc1 Kg8 30. Na3 Ra4 31. Nb5 Qb6 32. f4 Ra2 33. Kf2 Bg4 34. Bd5+
Kf8 35. Re1 Bf6 36. Bf3 Bd7 37. Rh1 Kg7 38. Qb1 Ra5 39. Qg1 Qe6 40. Be4 Bxb5
41. cxb5 c4 42. Qh2 Be7 43. f5 Qd6 44. dxc4 d3 45. Bxd3 Ra2 46. Qh5 Bf6 47.
Qxh6+ Kf7 48. Qg6+ 1-0

[Event "4NCL/Div2/KHE vs. WRO"]
[Site "Sunningdale ENG"]
[Date "2007.09.15"]
[Round "1.3"]
[White "McMichael, Richard"]
[Black "Kaid, Almar"]
[Result "0-1"]
[WhiteElo "2255"]
[BlackElo "2271"]
[PlyCount "75"]
[EventDate "2007.09.15"]
[EventType "team"]
[EventRounds "11"]
[EventCountry "ENG"]
[SourceDate "2007.09.15"]
[WhiteTeam "Kings Head"]
[BlackTeam "White Rose"]

1. e4 e6 2. d4 d5 3. e5 c5 4. Qg4 Qa5+ 5. Nd2 Nh6 6. Qh3 Nc6 7. Ngf3 Nb4 8. Kd1
c4 9. Nb1 Bd7 10. Bxh6 gxh6 11. Nc3 b5 12. g3 Nxc2 13. Kxc2 b4 14. Nd1 Ba4+ 15.
b3 Bxb3+ 16. axb3 Qxa1 17. bxc4 b3+ 18. Kd2 Bb4+ 19. Ke2 b2 20. Nxb2 Qxb2+ 21.
Ke3 Qb3+ 22. Kf4 dxc4 23. Be2 Qc2 24. Bd1 Bd2+ 25. Nxd2 Qxd2+ 26. Kf3 O-O-O 27.
Kg2 c3 28. Bb3 c2 29. Bxe6+ Kc7 30. Qh4 fxe6 31. Qe7+ Rd7 32. Qc5+ Kd8 33. Ra1
Qxd4 34. Qa5+ Qb6 35. Qa4 Rc7 36. Qf4 Kc8 37. Kh3 Rd8 38. Ra4 0-1

[Event "4NCL/Div2/KHE vs. WRO"]
[Site "Sunningdale ENG"]
[Date "2007.09.15"]
[Round "1.4"]
[White "Adams, David M"]
[Black "Okike, David C"]
[Result "0-1"]
[WhiteElo "2234"]
[BlackElo "2183"]
[PlyCount "92"]
[EventDate "2007.09.15"]
[EventType "team"]
[EventRounds "11"]
[EventCountry "ENG"]
[SourceDate "2007.09.15"]
[WhiteTeam "White Rose"]
[BlackTeam "Kings Head"]

1. e4 e6 2. d4 d5 3. Nd2 c5 4. Ngf3 Nf6 5. exd5 Nxd5 6. g3 Nc6 7. Nb3 cxd4 8.
Nbxd4 Bd7 9. Bg2 Bb4+ 10. Bd2 Qb6 11. Nb3 a5 12. O-O a4 13. Bxb4 Qxb4 14. c3
Qb6 15. c4 Nf6 16. Nbd4 O-O 17. Qd2 Rfd8 18. Qc3 Rac8 19. b3 Be8 20. Rad1 Nb4
21. Qb2 a3 22. Qxa3 Ra8 23. Qc1 Rxa2 24. Qf4 Nc6 25. c5 Qxc5 26. Qc7 Qe7 27.
Qf4 Nd5 28. Nxc6 bxc6 29. Qd4 Rb8 30. Rd3 f6 31. Nd2 c5 32. Qg4 Nb4 33. Qf4
Nxd3 34. Qxb8 Rxd2 35. Ra1 Nb4 36. Ra8 Kf7 37. Bf1 Rd1 38. f3 Bc6 39. Qg8+ Kg6
40. Rf8 Bb5 41. h4 Rxf1+ 42. Kg2 Qb7 43. Rxf6+ Kxf6 44. Qf8+ Kg6 45. h5+ Kxh5
46. Qxc5+ Kg6 0-1

[Event "4NCL/Div2/KHE vs. WRO"]
[Site "Sunningdale ENG"]
[Date "2007.09.15"]
[Round "1.5"]
[White "Wittmann, Jochen"]
[Black "Gayson, Peter M"]
[Result "1/2-1/2"]
[WhiteElo "2165"]
[BlackElo "2232"]
[PlyCount "39"]
[EventDate "2007.09.15"]
[EventType "team"]
[EventRounds "11"]
[EventCountry "ENG"]
[SourceDate "2007.09.15"]
[WhiteTeam "Kings Head"]
[BlackTeam "White Rose"]

1. e4 c5 2. Nc3 e6 3. g3 d5 4. exd5 exd5 5. Bg2 Nf6 6. Nge2 d4 7. Ne4 Be7 8. d3
Nc6 9. O-O O-O 10. Re1 Bf5 11. Bg5 Bxe4 12. dxe4 Re8 13. Nf4 Nd7 14. Bxe7 Qxe7
15. Nd5 Qd6 16. f4 Nb6 17. Nxb6 axb6 18. a3 Rad8 19. Qd3 Qe6 20. Qb5 1/2-1/2

[Event "4NCL/Div2/KHE vs. WRO"]
[Site "Sunningdale ENG"]
[Date "2007.09.15"]
[Round "1.6"]
[White "Corke, Anya"]
[Black "Thomas, Richard H"]
[Result "1-0"]
[WhiteElo "2149"]
[BlackElo "2185"]
[PlyCount "79"]
[EventDate "2007.09.15"]
[EventType "team"]
[EventRounds "11"]
[EventCountry "ENG"]
[SourceDate "2007.09.15"]
[WhiteTeam "White Rose"]
[BlackTeam "Kings Head"]

1. d4 g6 2. c4 Bg7 3. Nf3 d6 4. Nc3 Bg4 5. e3 Nc6 6. Be2 Nf6 7. d5 Bxf3 8. gxf3
Ne5 9. f4 Ned7 10. Qc2 e6 11. Bf3 Rb8 12. b3 a6 13. Bb2 Qe7 14. h4 e5 15. f5
O-O 16. h5 Nxh5 17. Bxh5 gxh5 18. Rxh5 Nf6 19. Rh3 b5 20. cxb5 axb5 21. O-O-O
h6 22. Rg1 Kh7 23. Ne4 Nxe4 24. f6 Qxf6 25. Qxe4+ Kh8 26. f4 Rbe8 27. Rh5 Rg8
28. fxe5 dxe5 29. Rf5 Qe7 30. Kb1 f6 31. Rg6 Rgf8 32. Rh5 Rf7 33. Qf5 b4 34. e4
Qd7 35. Qf3 Kh7 36. Qg2 f5 37. exf5 Ref8 38. Rgxh6+ Bxh6 39. Rxh6+ Kxh6 40.
Qg6# 1-0

[Event "4NCL/Div2/KHE vs. WRO"]
[Site "Sunningdale ENG"]
[Date "2007.09.15"]
[Round "1.7"]
[White "Compton, Alistair"]
[Black "Barrett, Steve J"]
[Result "0-1"]
[WhiteElo "2139"]
[BlackElo "2219"]
[PlyCount "74"]
[EventDate "2007.09.15"]
[EventType "team"]
[EventRounds "11"]
[EventCountry "ENG"]
[SourceDate "2007.09.15"]
[WhiteTeam "Kings Head"]
[BlackTeam "White Rose"]

1. e4 c5 2. Nc3 e6 3. f4 Nc6 4. Nf3 d6 5. Bb5 Bd7 6. d3 a6 7. Bxc6 Bxc6 8. O-O
Nf6 9. Qe1 b5 10. Qg3 b4 11. Ne2 d5 12. e5 Nd7 13. f5 exf5 14. Ng5 h6 15. Ne6
fxe6 16. Qg6+ Ke7 17. Nf4 Qb6 18. Qxe6+ Kd8 19. Ng6 c4+ 20. Kh1 Nc5 21. Qf7 Ra7
22. Qxf5 Bd7 23. Qf7 Be6 24. Qf2 Rf7 25. Qxf7 Bxf7 26. Nxh8 Bh5 27. Rxf8+ Ke7
28. Rf5 cxd3 29. Rxh5 Ne4 30. Rf5 Nf2+ 31. Rxf2 Qxf2 32. Bxh6 gxh6 33. cxd3
Qxb2 34. Rf1 Qxa2 35. Ng6+ Kd7 36. g4 d4 37. Rf7+ Qxf7 0-1

[Event "4NCL/Div2/WES1 vs. SWD1"]
[Site "Sunningdale ENG"]
[Date "2007.09.15"]
[Round "1.1"]
[White "Allicock, Rawle A"]
[Black "Cobb, James E"]
[Result "1/2-1/2"]
[WhiteElo "2302"]
[BlackElo "2422"]
[PlyCount "117"]
[EventDate "2007.09.15"]
[EventType "team"]
[EventRounds "11"]
[EventCountry "ENG"]
[SourceDate "2007.09.15"]
[WhiteTeam "Wessex 1"]
[BlackTeam "S. Wales Dragons 1"]

1. e4 e5 2. Nf3 Nc6 3. Bb5 a6 4. Ba4 Nf6 5. O-O Be7 6. Re1 b5 7. Bb3 O-O 8. Nc3
d6 9. Nd5 Na5 10. Nxe7+ Qxe7 11. d3 Bb7 12. Bd2 Nxb3 13. axb3 Nd7 14. Qe2 f5
15. exf5 Rxf5 16. Nd4 Rf7 17. f4 Raf8 18. Qg4 Nc5 19. b4 Qd7 20. Qxd7 Nxd7 21.
Ne6 Re8 22. Ng5 Rfe7 23. fxe5 Nxe5 24. Re3 h6 25. Nh3 Ng4 26. Rg3 Ne3 27. Bxe3
Rxe3 28. Rxe3 Rxe3 29. Kf2 Re5 30. Ng1 c5 31. bxc5 dxc5 32. Nf3 Re6 33. Ra5 Kf7
34. c4 Rb6 35. cxb5 Rxb5 36. Rxb5 axb5 37. g3 Ke6 38. Ke3 Bxf3 39. Kxf3 Kd5 40.
Ke3 c4 41. g4 g6 42. h4 Ke5 43. dxc4 bxc4 44. g5 h5 45. Kd2 Kf4 46. Kc3 Kg4 47.
Kxc4 Kxh4 48. b4 Kg4 49. b5 h4 50. b6 h3 51. b7 h2 52. b8=Q h1=Q 53. Qc8+ Kxg5
54. Qd8+ Kf5 55. Qd7+ Kf6 56. Qd6+ Kg7 57. Qe7+ Kh6 58. Qf8+ Kg5 59. Qe7+
1/2-1/2